000 00668nam a2200229 i 4500
001 bg
100 1 _aBŁASZCZAK, Urszula Joanna
245 1 0 _aPodstawy optyki :
_bmateriały pomocnicze do ćwiczeń rachunkowych i laboratoryjnych.
260 _aBiałystok :
_bWydaw. PB,
_c2004.
300 _a256 s. :
_brys., wykr. ;
_c23 cm.
504 _aBibliogr. s. 255-256.
650 9 _aOptyka
655 _aĆwiczenia i zadania dla szkół wyższych
700 1 _aRAFAŁOWSKI, Maciej
020 _a838822963X
040 _cBPK
041 0 _apol
080 _a535(075.8)(076)
920 _a83-88229-63-X
942 _cKS
008 s pl f |000 0 pol
999 _c45548
_d45548
856 _uhttp://koha.tu.koszalin.pl/cgi-bin/koha/opac-detail.pl?biblionumber=45548
_yKatalog online BPK